501 Manners and customs of Bible times / (Record no. 7167)

MARC details
000 -LEADER
fixed length control field 00503nam a22001817a 4500
003 - CONTROL NUMBER IDENTIFIER
control field GBCCL
005 - DATE AND TIME OF LATEST TRANSACTION
control field 20241126110621.0
008 - FIXED-LENGTH DATA ELEMENTS--GENERAL INFORMATION
fixed length control field 180716b ||||| |||| 00| 0 eng d
020 ## - INTERNATIONAL STANDARD BOOK NUMBER
International Standard Book Number 8192073653
040 ## - CATALOGING SOURCE
Transcribing agency gbc
082 ## - DEWEY DECIMAL CLASSIFICATION NUMBER
Classification number 220.93
Item number MAN
245 ## - TITLE STATEMENT
Title 501 Manners and customs of Bible times /
Statement of responsibility, etc. Compiled by K.S. Amos
250 ## - EDITION STATEMENT
Edition statement Reprint
260 ## - PUBLICATION, DISTRIBUTION, ETC.
Place of publication, distribution, etc. Chennai:
Name of publisher, distributor, etc. Word of Christ,
Date of publication, distribution, etc. 2014
300 ## - PHYSICAL DESCRIPTION
Extent xviii, 222 p.;
Other physical details ill.,
Dimensions 20 cm.
650 ## - SUBJECT ADDED ENTRY--TOPICAL TERM
Topical term or geographic name entry element Bible
General subdivision Manners and Customs
9 (RLIN) 12674
942 ## - ADDED ENTRY ELEMENTS (KOHA)
Source of classification or shelving scheme Dewey Decimal Classification
Koha item type Books
Koha issues (borrowed), all copies 2
Holdings
Withdrawn status Lost status Source of classification or shelving scheme Damaged status Not for loan Home library Current Library Shelving location Date acquired Total checkouts Full call number Barcode Date last seen Date last checked out Copy number Price effective from Koha item type
    Dewey Decimal Classification     GRACE BIBLE COLLEGE GRACE BIBLE COLLEGE Biblical Studies 2018-07-16 1 220.93 MAN 014689 2025-05-01 2019-10-28 v.1 2018-07-16 Books
    Dewey Decimal Classification     GRACE BIBLE COLLEGE GRACE BIBLE COLLEGE Biblical Studies 2018-07-16 1 220.93 MAN 014690 2025-05-01 2019-10-04 v.1 c.2 2018-07-16 Books
© Grace Bible College Library 2025